00745 a2200181 4500020002700000020003000027082001200057090001500069100002200084245022200106250001200328260003900340300002100379700001600400942002500416999001700441952010500458 a0750309504 (paperback) a9780750309509 (paperback)04a539.721 c1494d14941 aAitchison, I.J.R.10aGauge theories in particle physics, third edition - 2 volume set : Vol 2bgauge theories in particle physics, .nVol. 2 :bnon-abelian gauge theories :bqcd and the electroweak theory /cI.J.R. Aitchison, A.J.G. Hey. a3rd ed. a[S.l.] :bTaylor & Francis,c2003. a466 p. ;c24 cm.1 aHey, A.J.G. aSNScBKk539.721 AIT c30105d30105 00104070aSNSbSNSd2016-05-26l2o539.721 AITpSNS0000621r2020-01-29s2020-01-29w2016-05-26yBK